Statistiques concernant Culture Générale - Série 1414

Cliquez ici pour prendre le quiz!

Statistiques générales

  • Ce quiz a été pris 124 fois
  • Le résultat moyen est 7 sur 10

Statistiques - réponses

QuestionRéponse% Correct
Dans quelle articulation du corps humain se situe la rotule ?genou
97%
Dans quelle ville se trouve la fontaine de Trevi ?Rome
96%
Quel nom désigne le plus long des cinq doigts de la main, situé au milieu ?majeur
96%
Quel poète, auteur des "Fleurs du mal", était le traducteur français des oeuvres d'Edgar Allan Poe ?Charles Baudelaire
92%
De quel mot composé anglais vient le mot "K.-O." utilisé en boxe ?Knock-out
84%
Dans quel pays se trouve le circuit automobile de Zandvoort ?Pays Bas
80%
Conjuguez le verbe "savoir", à la 1re personne du singulier de l'imparfait du subjonctif : que je...susse
77%
Dans quel sport olympique d'hiver descend-on un couloir de glace, la tête en avant, à plat ventre sur un engin ?skeleton
43%
A quel saxophoniste et clarinettiste de jazz, figure majeure du New Orleans Revival, doit-on le morceau "Petite Fleur" en 1952 ?Sidney Bechet
38%
De son vrai nom Gérard Labrunie, ce poète français du XIXe siècle est l'auteur des sonnets : "Les Chimères". Qui est-il ?Gérard de Nerval
22%

Distribution des résultats

Percentile par nombre de réponses

% des personnes avec chaque résultat

Votre développement - résultats

Vous n’avez pas pris ce quiz